[Event "3.Città di Padova Op.B, Elo<1900"]
[Site "Padova Ex Fornace Carotta"]
[Date "2000.12.03"]
[Round "2.26"]
[White "Bonafede, Alessandro"]
[Black "Forapan, Fabio"]
[Result "1/2-1/2"]
[WhiteElo "1500"]
[BlackElo "1606"]
[Annotator "Gabriele Ballarin"]
[PlyCount "55"]
[EventDate "2000.12.02"]
[EventType "swiss"]
[EventRounds "6"]
[EventCountry "ITA"]

1. e4 d6 2. d4 Nf6 3. Nc3 g6 4. Nf3 Bg7 5. Bc4 O-O 6. O-O c6 7. Re1 b5 8. Bb3 e6 9. Bf4 a6 10. Qe2 Qe7 11. Rad1 h6 12. Qd2 Kh7 13. Bxd6 Qxd6 14. e5 Qe7 15. exf6 Bxf6 16. Ne4 Bg7 17. Qf4 a5 18. c3 Bb7 19. Bc2 Na6 20. Re3 Rad8 21. Nh4 c5 22. Nf3 cxd4 23. cxd4 Nb4 24. Re2 Nxc2 25. Rxc2 Bxe4 26. Qxe4 Rd5 27. Re1 Rfd8 28. Rd2 1/2-1/2

[Event "3.Città di Padova Op.B, Elo<1900"]
[Site "Padova Ex Fornace Carotta"]
[Date "2000.12.03"]
[Round "2.27"]
[White "Troise, Salvatore"]
[Black "Chinellato, Marco"]
[Result "1-0"]
[WhiteElo "1648"]
[BlackElo "1500"]
[Annotator "Gabriele Ballarin"]
[PlyCount "65"]
[EventDate "2000.12.02"]
[EventType "swiss"]
[EventRounds "6"]
[EventCountry "ITA"]

1. e4 e5 2. Nf3 Nf6 3. Nc3 Nc6 4. Bb5 Nd4 5. Bc4 Bc5 6. O-O d6 7. h3 Be6 8. Bxe6 Nxe6 9. d3 h6 10. Na4 Qe7 11. c3 g5 12. Nxc5 dxc5 13. Nxe5 O-O-O 14. Qa4 Kb8 15. Qb5 Ka8 16. Be3 Nf4 17. Qxc5 Qxc5 18. Bxc5 Nxd3 19. Nxd3 Nxe4 20. Bd4 Rhe8 21. Rfe1 c5 22. Nxc5 Nxc5 23. Bxc5 b6 24. Rxe8 Rxe8 25. Bd4 Re2 26. b4 b5 27. a4 Kb7 28. axb5 f5 29. Rxa7+ Kc8 30. Rh7 g4 31. hxg4 fxg4 32. Rxh6 g3 33. fxg3 1-0

[Event "3.Città di Padova Op.B, Elo<1900"]
[Site "Padova Ex Fornace Carotta"]
[Date "2000.12.03"]
[Round "2.28"]
[White "Bertucco, Diego"]
[Black "Muzhaqi, Halit"]
[Result "0-1"]
[WhiteElo "1600"]
[BlackElo "1500"]
[Annotator "Gabriele Ballarin"]
[PlyCount "55"]
[EventDate "2000.12.02"]
[EventType "swiss"]
[EventRounds "6"]
[EventCountry "ITA"]

1. e4 e6 2. d4 d5 3. e5 c5 4. c3 Nc6 5. Nf3 Be7 6. a3 f6 7. Bf4 Qb6 8. b4 cxd4 9. cxd4 g5 10. exf6 Bxf6 11. Be5 g4 12. Ng5 Bxe5 13. dxe5 Nxe5 14. h3 Nf6 15. Nc3 Rg8 16. Na4 Qd6 17. Bb5+ Bd7 18. Bxd7+ Nexd7 19. f4 h6 20. O-O hxg5 21. fxg5 Rxg5 22. h4 Rh5 23. Qe1 Ke7 24. Nc5 Nxc5 25. bxc5 Qxc5+ 26. Qf2 Qxf2+ 27. Rxf2 Rxh4 28. Raf1 0-1

[Event "3.Città di Padova Op.B, Elo<1900"]
[Site "Padova Ex Fornace Carotta"]
[Date "2000.12.03"]
[Round "2.29"]
[White "Trimboli, Carlo"]
[Black "Sanavio, Giancarlo"]
[Result "1/2-1/2"]
[WhiteElo "1500"]
[BlackElo "1561"]
[Annotator "Gabriele Ballarin"]
[PlyCount "92"]
[EventDate "2000.12.02"]
[EventType "swiss"]
[EventRounds "6"]
[EventCountry "ITA"]

1. d4 Nf6 2. Nf3 e6 3. Bg5 d5 4. e3 Be7 5. Bd3 h6 6. Bh4 Nbd7 7. O-O O-O 8. c4 dxc4 9. Bxc4 b6 10. Nc3 Bb7 11. Bd3 c5 12. Be2 cxd4 13. exd4 Nd5 14. Bxe7 Qxe7 15. Nxd5 Bxd5 16. Re1 Nf6 17. Ne5 Rfd8 18. Bf3 Rac8 19. Re3 Qb4 20. b3 Bxf3 21. Nxf3 Nd5 22. Rd3 Nf4 23. Rd2 Rd5 24. g3 Ng6 25. Rc1 Rcd8 26. Rc4 Qd6 27. Rdc2 Rf5 28. Rd2 Qd5 29. Rc3 Ne7 30. Rcd3 Nc6 31. a3 f6 32. Nh4 Qa5 33. Nxf5 exf5 34. Qe2 Qxa3 35. Qe6+ Kh7 36. Qxc6 Qa1+ 37. Kg2 Qe1 38. Rd1 Qa5 39. Qf3 Qb5 40. d5 Qd7 41. Qe3 Re8 42. Qd2 Qd6 43. Re3 Rc8 44. Re6 Qd7 45. Qd3 Kg6 46. h4 h5 1/2-1/2

[Event "3.Città di Padova Op.B, Elo<1900"]
[Site "Padova Ex Fornace Carotta"]
[Date "2000.12.03"]
[Round "2.30"]
[White "Pomaro, Stefano"]
[Black "Zannol, Roberto"]
[Result "1-0"]
[WhiteElo "1563"]
[BlackElo "1500"]
[Annotator "Gabriele Ballarin"]
[PlyCount "77"]
[EventDate "2000.12.02"]
[EventType "swiss"]
[EventRounds "6"]
[EventCountry "ITA"]

1. e4 e5 2. Nf3 Nf6 3. Nc3 Bb4 4. Bc4 d6 5. d3 O-O 6. O-O a6 7. Ne2 Bg4 8. Ng3 Nc6 9. c3 Bc5 10. b4 Ba7 11. a4 Qe7 12. Be3 Be6 13. Bxe6 fxe6 14. Bxa7 Rxa7 15. Re1 Raa8 16. Qb3 Nd8 17. d4 exd4 18. cxd4 Kh8 19. e5 Nd5 20. exd6 Qxd6 21. b5 Qb6 22. Ne5 Qxd4 23. Rad1 Qxf2+ 24. Kh1 Nf4 25. Rg1 Qa7 26. Rd7 Qc5 27. Qb2 Rg8 28. Ne4 Qe3 29. Ng5 h6 30. Ng4 Nd3 31. Qc2 Qxg5 32. Qxd3 Qxg4 33. Rd1 Qg5 34. Rxc7 axb5 35. axb5 Qd5 36. Qb1 Qf5 37. Qc1 Qxb5 38. Rdd7 Qe5 39. Qxh6+ 1-0

[Event "3.Città di Padova Op.B, Elo<1900"]
[Site "Padova Ex Fornace Carotta"]
[Date "2000.12.03"]
[Round "2.31"]
[White "Varotto, Adriano"]
[Black "Broccardo, Nicola"]
[Result "0-1"]
[WhiteElo "1500"]
[BlackElo "1537"]
[Annotator "Gabriele Ballarin"]
[PlyCount "54"]
[EventDate "2000.12.02"]
[EventType "swiss"]
[EventRounds "6"]
[EventCountry "ITA"]

1. d4 Nf6 2. Nc3 e6 3. e4 Bb4 4. Bd3 d5 5. Bg5 dxe4 6. Bxf6 Qxf6 7. Bxe4 O-O 8. Nf3 Rd8 9. O-O c5 10. Ne2 cxd4 11. Nexd4 e5 12. Qd3 exd4 13. Bxh7+ Kh8 14. Be4 Nc6 15. a3 Ba5 16. b4 Bb6 17. Rad1 Ne5 18. Nxe5 Qxe5 19. Rfe1 Qf6 20. Rd2 g6 21. Rde2 Bg4 22. f3 Bf5 23. Bxf5 Qxf5 24. Re4 Rac8 25. Kh1 Kg7 26. g4 Qf6 27. Re7 Rc3 0-1

[Event "3.Città di Padova Op.B, Elo<1900"]
[Site "Padova Ex Fornace Carotta"]
[Date "2000.12.03"]
[Round "2.32"]
[White "Del Giudice, Stefano"]
[Black "Tasson, Giovanni"]
[Result "1-0"]
[WhiteElo "1555"]
[BlackElo "1474"]
[Annotator "Gabriele Ballarin"]
[PlyCount "103"]
[EventDate "2000.12.02"]
[EventType "swiss"]
[EventRounds "6"]
[EventCountry "ITA"]

1. e4 e5 2. Nc3 Nf6 3. Nf3 Nc6 4. d4 exd4 5. Nxd4 Nxd4 6. Qxd4 d6 7. Bc4 Be7 8. O-O O-O 9. f4 c5 10. Qd1 Bg4 11. Qe1 Qb6 12. f5 Qb4 13. b3 b5 14. Nxb5 Qxe1 15. Rxe1 a6 16. Nc3 Kh8 17. h3 Bh5 18. g4 Nxg4 19. hxg4 Bxg4 20. Nd5 Bh4 21. Rf1 Rfe8 22. Rf4 h5 23. Nc7 Bg3 24. Rxg4 hxg4 25. Nxa8 Rxa8 26. Bb2 f6 27. Kg2 Bf4 28. Rh1+ Bh6 29. Bc1 Kh7 30. Bxh6 gxh6 31. Kg3 Re8 32. Be6 Rb8 33. Kxg4 Rb4 34. c4 a5 35. Rd1 Rb6 36. Kf4 Kh8 37. Rg1 Rb8 38. Rg6 Rf8 39. Rxh6+ Kg7 40. Rg6+ Kh7 41. Rg3 Rb8 42. Rd3 Rd8 43. Kg4 Kg7 44. a3 Kf8 45. Kh5 Kg7 46. Rg3+ Kh7 47. Rg6 Rf8 48. Rg8 Rxg8 49. Bxg8+ Kg7 50. Be6 Kf8 51. Kg6 Ke7 52. Kg7 1-0

[Event "3.Città di Padova Op.B, Elo<1900"]
[Site "Padova Ex Fornace Carotta"]
[Date "2000.12.03"]
[Round "2.33"]
[White "Quaranta, Cristiano"]
[Black "Bonetto, Giorgio"]
[Result "1-0"]
[WhiteElo "1468"]
[BlackElo "1528"]
[Annotator "Gabriele Ballarin"]
[PlyCount "81"]
[EventDate "2000.12.02"]
[EventType "swiss"]
[EventRounds "6"]
[EventCountry "ITA"]

1. d4 e6 2. f4 d5 3. Nf3 Bd6 4. c4 c6 5. Nc3 Ne7 6. e4 Nd7 7. e5 Bb4 8. a3 Ba5 9. b4 Bc7 10. c5 Nf5 11. Bd3 Nb8 12. Bxf5 exf5 13. O-O h6 14. Be3 Be6 15. Qe1 Nd7 16. Bf2 Qc8 17. Bh4 Bd8 18. b5 O-O 19. a4 Ba5 20. Be7 Re8 21. Bd6 Nf8 22. Qe3 Qd7 23. Rab1 Ng6 24. Nd2 Bc7 25. Nb3 Bxd6 26. cxd6 b6 27. bxc6 Qxc6 28. Nb5 Rec8 29. Rbc1 Qb7 30. Nc7 Rab8 31. Qf3 Nf8 32. Rf2 Nd7 33. Rb2 Rf8 34. Na5 Qc8 35. Nc6 Qb7 36. Nxb8 Nxb8 37. Nxe6 fxe6 38. Rc7 Qa6 39. Qg3 Rf7 40. Qg6 Rxc7 41. dxc7 1-0

[Event "3.Città di Padova Op.B, Elo<1900"]
[Site "Padova Ex Fornace Carotta"]
[Date "2000.12.03"]
[Round "2.34"]
[White "Marson, Antonio"]
[Black "Moschini, Costantino"]
[Result "0-1"]
[WhiteElo "1525"]
[BlackElo "1465"]
[Annotator "Gabriele Ballarin"]
[PlyCount "122"]
[EventDate "2000.12.02"]
[EventType "swiss"]
[EventRounds "6"]
[EventCountry "ITA"]

1. d4 Nf6 2. Nf3 g6 3. Bf4 Bg7 4. h3 O-O 5. e3 d6 6. Nbd2 b6 7. Be2 Bb7 8. O-O Nbd7 9. c3 c5 10. Qc2 cxd4 11. cxd4 Rc8 12. Qd1 Rc7 13. Rc1 Qc8 14. Rxc7 Qxc7 15. Nb3 Rc8 16. Qc1 Qc2 17. Re1 Nd5 18. Bg3 Nb4 19. Qxc2 Rxc2 20. Bb5 Nf6 21. a3 Nc6 22. Rc1 Rxb2 23. Bxc6 Bxc6 24. Rxc6 Rxb3 25. Rc7 Rxa3 26. Rxe7 Bf8 27. Rc7 Ne4 28. Bf4 h6 29. g4 g5 30. Bg3 Nxg3 31. fxg3 Rxe3 32. Kf2 Ra3 33. h4 f6 34. Rc2 b5 35. d5 b4 36. Rb2 b3 37. Ke1 Ra1+ 38. Kd2 Ra5 39. Rxb3 Rxd5+ 40. Ke3 f5 41. gxf5 Rxf5 42. Nd4 Re5+ 43. Kf3 Rc5 44. Ne6 Rc4 45. Rb8 Kf7 46. Nxf8 a5 47. Nd7 gxh4 48. gxh4 Rxh4 49. Rb7 Ke6 50. Nf8+ Kf6 51. Nd7+ Kg6 52. Rb1 a4 53. Nb6 Rh3+ 54. Kg2 Rb3 55. Rxb3 axb3 56. Nc4 d5 57. Nb2 Kf5 58. Kg3 Ke4 59. Kh4 d4 60. Nc4 Kd3 61. Nb2+ Kc2 0-1

[Event "3.Città di Padova Op.B, Elo<1900"]
[Site "Padova Ex Fornace Carotta"]
[Date "2000.02.03"]
[Round "2.35"]
[White "Ceccherini, Paolo"]
[Black "Spinoso, Giovanni"]
[Result "1-0"]
[WhiteElo "1507"]
[BlackElo "1452"]
[Annotator "Gabriele Ballarin"]
[PlyCount "51"]
[EventDate "2000.12.02"]
[EventType "swiss"]
[EventRounds "6"]
[EventCountry "ITA"]

1. d4 Nf6 2. Nc3 g6 3. e4 d6 4. Bg5 Bg7 5. Bc4 Nbd7 6. Nge2 O-O 7. Qd2 c6 8. Bh6 Nxe4 9. Nxe4 d5 10. Bxg7 Kxg7 11. Bd3 dxe4 12. Bxe4 f5 13. Bd3 e5 14. O-O-O exd4 15. Nxd4 Ne5 16. Qc3 Nxd3+ 17. Rxd3 Qf6 18. Re1 Kg8 19. Rde3 Bd7 20. Re7 Qg5+ 21. Kb1 Rad8 22. Nxc6 Qh6 23. Nxd8 Rxd8 24. Qd4 Qf8 25. Rxd7 Rxd7 26. Qxd7 1-0

[Event "3.Città di Padova Op.B, Elo<1900"]
[Site "Padova Ex Fornace Carotta"]
[Date "2000.12.03"]
[Round "2.36"]
[White "Alba, Riccardo"]
[Black "Verdi, Ruben"]
[Result "1-0"]
[WhiteElo "1500"]
[BlackElo "1443"]
[Annotator "Gabriele Ballarin"]
[PlyCount "93"]
[EventDate "2000.12.02"]
[EventType "swiss"]
[EventRounds "6"]
[EventCountry "ITA"]

1. e4 c5 2. Nf3 d6 3. d4 cxd4 4. Nxd4 e5 5. Nb3 Nf6 6. Nc3 Be7 7. Bg5 a6 8. Qd2 h6 9. Bh4 Nxe4 10. Nxe4 Bxh4 11. Nxd6+ Ke7 12. Nxc8+ Qxc8 13. Qb4+ Ke8 14. Qxh4 Qxc2 15. Rc1 Qf5 16. Be2 Nc6 17. O-O g5 18. Qc4 h5 19. Bf3 Rc8 20. Na5 Ne7 21. Qe4 Qxe4 22. Bxe4 b6 23. Rxc8+ Nxc8 24. Rc1 Nd6 25. Nb7 Rh6 26. Rc6 Ke7 27. Rxb6 Re6 28. Bd5 Rf6 29. Rxa6 Nb5 30. Rxf6 Kxf6 31. Nd8 Nd6 32. a4 Ke7 33. Nc6+ Kd7 34. Nxe5+ Ke7 35. b4 f6 36. Nc6+ Kd7 37. b5 Nc8 38. Kf1 Kd6 39. Bb3 Kc5 40. Ke2 Nd6 41. Kd3 h4 42. Be6 f5 43. Nd4 Ne4 44. Bxf5 Nxf2+ 45. Ke2 Nh1 46. Nc6 Kb6 47. Kf1 1-0

[Event "3.Città di Padova Op.B, Elo<1900"]
[Site "Padova Ex Fornace Carotta"]
[Date "2000.12.03"]
[Round "2.37"]
[White "Galiano, Salvatore"]
[Black "Morelli, Umberto"]
[Result "1-0"]
[WhiteElo "1416"]
[BlackElo "1507"]
[Annotator "Gabriele Ballarin"]
[PlyCount "75"]
[EventDate "2000.12.02"]
[EventType "swiss"]
[EventRounds "6"]
[EventCountry "ITA"]

1. d4 d5 2. c4 e6 3. e3 Nf6 4. a3 Be7 5. Nf3 O-O 6. Nbd2 b6 7. b4 Bb7 8. Be2 Nbd7 9. c5 c6 10. O-O Qc7 11. Nb3 Rfe8 12. Bb2 Bf8 13. Ne5 a5 14. cxb6 Nxb6 15. Nxa5 Nfd7 16. f4 f6 17. Nxd7 Qxd7 18. Nb3 Na4 19. Qc2 Nxb2 20. Qxb2 Ba6 21. Bxa6 Rxa6 22. Nc5 Bxc5 23. bxc5 Qa7 24. Rfb1 Ra8 25. Qb7 Qxb7 26. Rxb7 Rxa3 27. Rxa3 Rxa3 28. Kf2 Ra6 29. Re7 Kf8 30. Rxe6 Kf7 31. Rd6 Ke7 32. h4 f5 33. Kf3 h5 34. Rg6 Kf7 35. Rd6 Ke7 36. g3 Kf7 37. Rd7+ Kg6 38. Rb7 1-0

[Event "3.Città di Padova Op.B, Elo<1900"]
[Site "Padova Ex Fornace Carotta"]
[Date "2000.12.03"]
[Round "3.1"]
[White "Vismara, Daniele"]
[Black "Sinato, Fabrizio"]
[Result "1-0"]
[WhiteElo "1886"]
[BlackElo "1749"]
[Annotator "Gabriele Ballarin"]
[PlyCount "97"]
[EventDate "2000.12.02"]
[EventType "swiss"]
[EventRounds "6"]
[EventCountry "ITA"]

1. Nf3 Nf6 2. c4 c5 3. Nc3 e6 4. g3 Nc6 5. Bg2 g6 6. d4 d6 7. O-O a6 8. dxc5 dxc5 9. Qxd8+ Nxd8 10. Ne5 Bd6 11. Nd3 Bd7 12. Bg5 Ng4 13. h3 f6 14. Ne4 Be7 15. Bf4 e5 16. Bd2 f5 17. Nexc5 Nf6 18. Nxb7 Ne4 19. Nxd8 Nxd2 20. Bxa8 Nxf1 21. Rxf1 e4 22. Ne5 Bxd8 23. Rd1 Be6 24. Rd6 Ke7 25. Rxa6 Bc7 26. Bd5 Bxd5 27. cxd5 Bxe5 28. Re6+ Kd7 29. Rxe5 Rc8 30. Re6 Rc1+ 31. Kg2 Rc2 32. e3 Rxb2 33. Ra6 Rb7 34. h4 Ke7 35. a4 Kf7 36. a5 Ke7 37. Rb6 Ra7 38. a6 Kd8 39. h5 g5 40. Rb8+ Kc7 41. Rb7+ Rxb7 42. axb7 Kxb7 43. g4 Kc7 44. gxf5 Kd6 45. f6 h6 46. Kg3 Kd7 47. Kg4 Ke8 48. d6 Kf8 49. d7 1-0

[Event "3.Città di Padova Op.B, Elo<1900"]
[Site "Padova Ex Fornace Carotta"]
[Date "2000.12.03"]
[Round "3.2"]
[White "Dimitrijevic, Dragan"]
[Black "Zotti, Enrico"]
[Result "1-0"]
[WhiteElo "1864"]
[BlackElo "1734"]
[Annotator "Gabriele Ballarin"]
[PlyCount "97"]
[EventDate "2000.12.02"]
[EventType "swiss"]
[EventRounds "6"]
[EventCountry "ITA"]

1. d4 Nf6 2. Nf3 g6 3. c4 Bg7 4. Nc3 O-O 5. e4 d6 6. Be2 e5 7. Be3 exd4 8. Nxd4 Re8 9. f3 Nc6 10. O-O Ne5 11. Qd2 a6 12. Bg5 c5 13. Nc2 Be6 14. b3 Qa5 15. f4 Nc6 16. f5 Nxe4 17. Nxe4 Qxd2 18. Bxd2 Bxf5 19. Rxf5 Rxe4 20. Rf2 Rxe2 21. Rxe2 Nd4 22. Re7 Nxc2 23. Rf1 f5 24. Rxb7 Bd4+ 25. Kh1 Ne3 26. Bxe3 Bxe3 27. Rd7 a5 28. Rxd6 a4 29. Rd3 f4 30. g3 g5 31. gxf4 gxf4 32. Rfd1 axb3 33. Rd8+ Rxd8 34. Rxd8+ Kf7 35. axb3 f3 36. Rd3 f2 37. Kg2 Bd4 38. b4 Ke6 39. b5 Kd6 40. Rh3 Ke5 41. Rxh7 Ke4 42. b6 Kd3 43. b7 Be5 44. Kxf2 Kxc4 45. Rh8 Bxh8 46. b8=Q Bd4+ 47. Ke2 Kc3 48. h4 Kc2 49. h5 1-0

[Event "3.Città di Padova Op.B, Elo<1900"]
[Site "Padova Ex Fornace Carotta"]
[Date "2000.12.03"]
[Round "3.3"]
[White "Morganti, Lionello"]
[Black "Muha, Zdravko"]
[Result "0-1"]
[WhiteElo "1726"]
[BlackElo "1824"]
[Annotator "Gabriele Ballarin"]
[PlyCount "132"]
[EventDate "2000.12.02"]
[EventType "swiss"]
[EventRounds "6"]
[EventCountry "ITA"]

1. e4 c6 2. d4 d5 3. Nc3 dxe4 4. Nxe4 Bf5 5. Ng3 Bg6 6. Bc4 e6 7. N1e2 Bd6 8. Bf4 Nf6 9. O-O O-O 10. c3 Nd5 11. Bxd6 Qxd6 12. Bd3 Bxd3 13. Qxd3 Nd7 14. Rad1 N7f6 15. Ne4 Nxe4 16. Qxe4 Nf6 17. Qh4 Qd5 18. a3 Qe4 19. Qxe4 Nxe4 20. f3 Nd6 21. Rf2 Nc4 22. Nc1 Rfd8 23. Nd3 Rd5 24. Re2 Rad8 25. Ra1 b6 26. Ne5 Nxe5 27. dxe5 g5 28. Kf2 Kg7 29. Rae1 a5 30. Re4 Kg6 31. R1e2 h5 32. h4 Rd1 33. hxg5 Kxg5 34. g3 R8d5 35. Rc2 Rh1 36. Rce2 Rdd1 37. Rf4 Kg6 38. Rf6+ Kg7 39. Rf4 Rd3 40. Rh4 Rxh4 41. gxh4 Kg6 42. Kg3 Kf5 43. Re4 Rd2 44. b4 a4 45. Rc4 Kxe5 46. Rxc6 b5 47. c4 bxc4 48. Rxc4 Rd3 49. Rc5+ Kd4 50. Rxh5 Rxa3 51. Rh7 f5 52. Ra7 e5 53. h5 e4 54. h6 Rxf3+ 55. Kg2 Rf4 56. Kg3 Rg4+ 57. Kh3 Rg6 58. h7 Rh6+ 59. Kg2 Kc4 60. Rxa4 Rxh7 61. Kg3 Rh1 62. Kg2 Rh4 63. Kg3 Rg4+ 64. Kh3 Rf4 65. Kg3 Rf3+ 66. Kg2 Kb5 0-1

[Event "3.Città di Padova Op.B, Elo<1900"]
[Site "Padova Ex Fornace Carotta"]
[Date "2000.12.03"]
[Round "3.4"]
[White "Gennari, Leone"]
[Black "Guclu, Yaman"]
[Result "1-0"]
[WhiteElo "1705"]
[BlackElo "1795"]
[Annotator "Gabriele Ballarin"]
[PlyCount "69"]
[EventDate "2000.12.02"]
[EventType "swiss"]
[EventRounds "6"]
[EventCountry "ITA"]

1. d4 d5 2. c4 Nc6 3. Nf3 Bg4 4. e3 e5 5. Be2 Bb4+ 6. Nc3 exd4 7. exd4 Nge7 8. Be3 O-O 9. O-O Re8 10. a3 Bxc3 11. bxc3 Na5 12. Nd2 Bxe2 13. Qxe2 c6 14. Qd3 dxc4 15. Nxc4 Nxc4 16. Qxc4 Nd5 17. Rae1 Nb6 18. Qd3 Qd5 19. Rb1 Re7 20. Rb4 Qa5 21. c4 Rd8 22. h3 Qh5 23. Rfb1 f5 24. d5 f4 25. Bxb6 axb6 26. Rxb6 cxd5 27. Rxb7 Rxb7 28. Rxb7 Rc8 29. Qxd5+ Qxd5 30. cxd5 Rd8 31. Rb5 Kf7 32. f3 Ke7 33. Kf2 Kd6 34. a4 Ra8 35. a5 1-0

[Event "3.Città di Padova Op.B, Elo<1900"]
[Site "Padova Ex Fornace Carotta"]
[Date "2000.12.03"]
[Round "3.5"]
[White "Giancotti, Eraldo"]
[Black "De Napoli, Giuseppe"]
[Result "1/2-1/2"]
[WhiteElo "1790"]
[BlackElo "1723"]
[Annotator "Gabriele Ballarin"]
[PlyCount "79"]
[EventDate "2000.12.02"]
[EventType "swiss"]
[EventRounds "6"]
[EventCountry "ITA"]

1. d4 Nf6 2. Nd2 d5 3. e3 e6 4. Bd3 Be7 5. f4 c5 6. c3 b6 7. Qf3 Bb7 8. Nh3 Nfd7 9. e4 cxd4 10. cxd4 dxe4 11. Bxe4 Bxe4 12. Qxe4 Na6 13. O-O O-O 14. Nf3 Nf6 15. Qe2 Nb4 16. a3 Nbd5 17. Ne5 Rc8 18. Ng5 Qd6 19. Bd2 h6 20. Ngf3 Rc7 21. Ne1 Rfc8 22. Rf3 Bf8 23. Rg3 Ne7 24. Rd3 Qd5 25. Bb4 Nf5 26. Bxf8 Kxf8 27. N1f3 Rc2 28. Qd1 Qe4 29. Nd2 Qxf4 30. g3 Qg5 31. h4 Nxh4 32. b4 Nf5 33. Nf1 Rc1 34. Rxc1 Rxc1 35. Qf3 Kg8 36. Qa8+ Kh7 37. Nxf7 Qh5 38. Qh8+ Kg6 39. Ne5+ Kg5 40. Nf3+ 1/2-1/2

[Event "3.Città di Padova Op.B, Elo<1900"]
[Site "Padova Ex Fornace Carotta"]
[Date "2000.12.03"]
[Round "3.6"]
[White "Roberti, Ignazio"]
[Black "Allegranti, Luca"]
[Result "1/2-1/2"]
[WhiteElo "1760"]
[BlackElo "1702"]
[Annotator "Gabriele Ballarin"]
[PlyCount "130"]
[EventDate "2000.12.02"]
[EventType "swiss"]
[EventRounds "6"]
[EventCountry "ITA"]

1. e4 e6 2. d4 d5 3. Nc3 Nf6 4. Bg5 Bb4 5. e5 h6 6. Bd2 Bxc3 7. bxc3 Ne4 8. Nf3 c5 9. Bd3 Nxd2 10. Qxd2 c4 11. Be2 Nc6 12. O-O O-O 13. Qe3 f6 14. Nh4 fxe5 15. Ng6 exd4 16. cxd4 Rf6 17. Bh5 Bd7 18. Rab1 b6 19. Rfe1 Ne7 20. Ne5 Nf5 21. Qd2 Be8 22. Bf3 Rc8 23. c3 Bg6 24. Ng4 Nh4 25. Nxf6+ Qxf6 26. Rbd1 Qxf3 27. gxf3 Nxf3+ 28. Kg2 Nxd2 29. Rxd2 Kf7 30. a4 Kf6 31. Ra1 Be8 32. a5 b5 33. Kg3 Bd7 34. Re1 b4 35. cxb4 c3 36. Rc2 Ba4 37. Rcc1 Rc4 38. Kf3 Rxd4 39. Rxc3 Rxb4 40. Rc7 a6 41. Rec1 Bb5 42. Ra7 Bc4 43. Ke3 e5 44. h4 Rb3+ 45. Kd2 Rb2+ 46. Rc2 Rxc2+ 47. Kxc2 g5 48. hxg5+ Kxg5 49. Rg7+ Kf6 50. Rh7 Kg6 51. Re7 e4 52. Kc3 h5 53. Re8 Kg5 54. Kd4 Kg4 55. Ke3 Kg5 56. Rg8+ Kf6 57. Rf8+ Ke5 58. Re8+ Kd6 59. Rh8 Kc5 60. Rxh5 Kb4 61. Kd4 Kxa5 62. Rxd5+ Bxd5 63. Kxd5 Kb5 64. Kxe4 a5 65. f4 a4 1/2-1/2

[Event "3.Città di Padova Op.B, Elo<1900"]
[Site "Padova Ex Fornace Carotta"]
[Date "2000.12.03"]
[Round "3.7"]
[White "Marson, Luca"]
[Black "Carini, Massimo"]
[Result "1-0"]
[WhiteElo "1666"]
[BlackElo "1881"]
[Annotator "Gabriele Ballarin"]
[PlyCount "125"]
[EventDate "2000.12.02"]
[EventType "swiss"]
[EventRounds "6"]
[EventCountry "ITA"]

1. e4 d5 2. exd5 Qxd5 3. Nc3 Qa5 4. d4 Nf6 5. Nf3 Nc6 6. Bb5 Ne4 7. Bxc6+ bxc6 8. O-O Nxc3 9. bxc3 e6 10. Bd2 f6 11. Re1 Qh5 12. Qe2 Be7 13. Qe4 Qd5 14. Rab1 Qxe4 15. Rxe4 Kf7 16. c4 Ba6 17. c5 Rab8 18. Ree1 Rhc8 19. Rb4 Rxb4 20. Bxb4 Rb8 21. Bc3 Bc4 22. a4 Bd5 23. Nd2 e5 24. Rb1 Rxb1+ 25. Nxb1 exd4 26. Bxd4 Be4 27. Na3 Ke6 28. f3 Bg6 29. c4 Kd7 30. Kf2 Kc8 31. Ke2 Kb7 32. Kd2 Ka6 33. Kc3 Ka5 34. Kb3 Bd3 35. Bc3+ Ka6 36. Kb4 h5 37. f4 g5 38. fxg5 fxg5 39. Be5 Kb7 40. Bd4 Be4 41. g3 h4 42. gxh4 gxh4 43. Kb3 Bg5 44. Nc2 Bf4 45. Bg1 Bf3 46. Nd4 Bd1+ 47. Nc2 Ka6 48. h3 Ka5 49. Bd4 Bxc2+ 50. Kxc2 Kxa4 51. Bc3 Be3 52. Be1 Bxc5 53. Bxh4 Kb4 54. Kd3 a5 55. Be1+ Ka4 56. h4 Bf8 57. h5 c5 58. Bd2 Kb3 59. Bxa5 c6 60. Bd2 Bg7 61. h6 Bf6 62. h7 Bg7 63. Bf4 1-0

[Event "3.Città di Padova Op.B, Elo<1900"]
[Site "Padova Ex Fornace Carotta"]
[Date "2000.12.03"]
[Round "3.8"]
[White "Ravagnani, Tiziano"]
[Black "Tomio, Dante"]
[Result "1-0"]
[WhiteElo "1833"]
[BlackElo "1635"]
[Annotator "Gabriele Ballarin"]
[PlyCount "59"]
[EventDate "2000.12.02"]
[EventType "swiss"]
[EventRounds "6"]
[EventCountry "ITA"]

1. e4 c5 2. Nf3 d6 3. d4 cxd4 4. Nxd4 Nf6 5. Nc3 g6 6. Be3 Bg7 7. f3 O-O 8. Qd2 Nc6 9. O-O-O d5 10. Kb1 e5 11. Nxc6 bxc6 12. exd5 cxd5 13. Nxd5 Nxd5 14. Qxd5 Qc7 15. Qxa8 Bf5 16. Qxf8+ Kxf8 17. Bd3 e4 18. Bxe4 Bxe4 19. fxe4 Qe5 20. Bd4 Qb5 21. Rhe1 Bxd4 22. Rxd4 Qe5 23. Rd7 Qxh2 24. Rf1 Qxg2 25. Rfxf7+ Ke8 26. Rde7+ Kd8 27. a3 h5 28. Rxa7 Ke8 29. Rfe7+ Kf8 30. Rec7 1-0

[Event "3.Città di Padova Op.B, Elo<1900"]
[Site "Padova Ex Fornace Carotta"]
[Date "2000.12.03"]
[Round "3.9"]
[White "Lain, Luigi"]
[Black "Carlassara, Renato"]
[Result "1-0"]
[WhiteElo "1804"]
[BlackElo "1636"]
[Annotator "Gabriele Ballarin"]
[PlyCount "69"]
[EventDate "2000.12.02"]
[EventType "swiss"]
[EventRounds "6"]
[EventCountry "ITA"]

1. d4 d5 2. c4 e6 3. Nc3 c5 4. cxd5 exd5 5. Nf3 Nc6 6. Bf4 Nf6 7. e3 Bd6 8. Bg5 Be6 9. dxc5 Bxc5 10. Bb5 O-O 11. O-O Be7 12. Qa4 Ne4 13. Nxe4 dxe4 14. Bxe7 Nxe7 15. Qxe4 Bd5 16. Qg4 f5 17. Qg3 Rf6 18. Ne5 f4 19. exf4 Nf5 20. Qd3 Bf7 21. Qxd8+ Rxd8 22. Bc4 Bxc4 23. Nxc4 Nd4 24. g3 Rc6 25. Ne3 Rcd6 26. Kg2 Nc6 27. Rfd1 Rd2 28. Rab1 Nb4 29. Rxd2 Rxd2 30. Rd1 Rxd1 31. Nxd1 Nxa2 32. Kf3 Kf7 33. Ke4 Nb4 34. Nc3 g6 35. Nb5 1-0

[Event "3.Città di Padova Op.B, Elo<1900"]
[Site "Padova Ex Fornace Carotta"]
[Date "2000.12.03"]
[Round "3.10"]
[White "Maccapan, Fabio"]
[Black "Bonani, Georg"]
[Result "1-0"]
[WhiteElo "1738"]
[BlackElo "1626"]
[Annotator "Gabriele Ballarin"]
[PlyCount "117"]
[EventDate "2000.12.02"]
[EventType "swiss"]
[EventRounds "6"]
[EventCountry "ITA"]

1. e4 e5 2. Bc4 Nf6 3. d3 Be7 4. Nf3 d6 5. c3 Nfd7 6. d4 Nc6 7. Bb3 Nf6 8. d5 Nb8 9. Bc2 O-O 10. h3 Ne8 11. c4 f5 12. Nc3 f4 13. Bd2 h5 14. h4 Nf6 15. Qe2 Ng4 16. O-O-O b6 17. Kb1 Nd7 18. Nh2 Ndf6 19. Nxg4 hxg4 20. g3 f3 21. Qf1 Nd7 22. h5 Bg5 23. Bxg5 Qxg5 24. Rh4 Kf7 25. h6 gxh6 26. Qh1 Rh8 27. Qh2 h5 28. Rh1 Kg6 29. Nd1 Nf6 30. Ne3 Bd7 31. Qg1 Qh6 32. Qd1 Qf8 33. Qd2 b5 34. Rd1 a5 35. Bd3 b4 36. Rhh1 c5 37. dxc6 Bxc6 38. Nd5 Ra7 39. Bc2 Qb8 40. Nxf6 Kxf6 41. Qxd6+ Qxd6 42. Rxd6+ Kg5 43. Rxc6 h4 44. Rxh4 Rxh4 45. gxh4+ Kxh4 46. Rh6+ Kg5 47. Rh8 Rd7 48. Kc1 Rd4 49. b3 a4 50. Rh1 axb3 51. axb3 Kf4 52. Rd1 g3 53. fxg3+ Kxg3 54. Rxd4 exd4 55. Bd3 f2 56. c5 Kf4 57. Kd2 f1=Q 58. Bxf1 Kxe4 59. c6 1-0